Cities of the UAE - Statistics

General Stats
  • This quiz has been taken 15 times
  • The average score is 4 of 93
Answer Stats
City % Correct
Al ain
54%
Hatta
23%
Al nahda
15%
Al qouz
15%
Deira
15%
Downtown dubai
15%
Jumeirah
15%
Khalifa city
15%
Liwa
15%
Mohammed bin zayed city
15%
Musaffah
15%
Abu Dhabi industrial city
8%
Abu hail
8%
Academic city
8%
Al aweer
8%
Al barsha
8%
Al hudaiba
8%
Al jafiliyah
8%
Al khawaneej
8%
Al rashidiyah
8%
Al satwa
8%
Bur dubai
8%
Business bay
8%
Dubai design district
8%
Dubai marina
8%
Jebel Ali
8%
Oud Al mutinah
8%
Oud maitha
8%
Palm islands
8%
Port rashid
8%
Saadiyat
8%
Shahamah
8%
Sir bani yas
8%
Umm suqqeim
8%
World islands
8%
Yas island
8%
Zayed port
8%
Abu Al abyad
0%
Al ajban
0%
Al Aryam island
0%
Al bahiyah
0%
Al bateen
0%
Al dhafrah
0%
Al fahidi
0%
Al falah
0%
Al hamriya
0%
Al hudayriat
0%
Al lisaili
0%
Al mamzar
0%
Al manama
0%
Al mankhool
0%
Al mezhar
0%
Al mirfa
0%
Al mizn
0%
Al nahyan
0%
Al qudrah
0%
Al qusais
0%
Al rawdah
0%
Al reem island
0%
Al safa
0%
Al samha
0%
Al shamkhah
0%
Al shandaghah
0%
Al tawwar
0%
Al wasl
0%
Al weheil island
0%
Al yasat
0%
Arada
0%
Asab
0%
Dalma
0%
Das island
0%
Dubai creek
0%
Dubai investments park
0%
Dubai silicon oasis
0%
Emirates hills
0%
Ghadeer Al tair
0%
Ghantout
0%
Marawah
0%
Masdar city
0%
Mirdif
0%
Nad Al hammar
0%
Nad Al shibba
0%
Nad hessa
0%
Ras ghurab island
0%
Samaliyah island
0%
Shakhbout city
0%
Sir abu nu’Air
0%
Sweihan
0%
Umm hurair
0%
Warsan
0%
Wedhail
0%
Za’abeel
0%
Zayed city
0%
No matching quizzes found
Score Distribution
Percent of People with Each Score
Percentile by Number Answered
Your Score History
You have not taken this quiz